000
00403nam a2200145Ia 4500
008
100204s9999 xx 000 0 und d
082
_b
10825
100
_a
लागू चिंतामणी
245
_a
फरार
260
_b
"मनोरमा प्रकाशन , मुंबई"
_c
1988
300
_a
198
630
_a
फरार
730
_a
फरार
942
_c
BOOK
999
_c
455261
_d
455258